La fuerza bruta

Saved in:
Bibliografiske detaljer
Hovedforfatter: Benavente, Jacinto (Author)
Format: Bog
Sprog:spansk
Udgivet: Buenos Aires Espasa-Calpe 1942
Serier:Colección Austral, 305
Fag:
Tags: Tilføj Tag
Ingen Tags, Vær først til at tagge denne postø!

MARC

LEADER 00000nam a2200000 a 4500
001 UCZ9000
003 CL-VaPUC
008 960126e19420000AG |||||||||||||||||spa|d
082 0 4 |a 862  |b BEN  |2 21 
100 0 |a Benavente, Jacinto  |e author  |9 313719 
245 1 3 |a La fuerza bruta 
246 1 3 |a Lo cursi 
300 |a 154 p 
942 |c BK 
945 |d 19960126 00:00:00  |a rleighto 
260 |a Buenos Aires  |b Espasa-Calpe  |c 1942 
650 0 |a Dramas españoles  |9 267081 
583 |a last modification  |c 19960126 00:00:00  |k Rodrigo Vera 
490 0 |a Colección Austral, 305 
999 |c 244648  |d 244646 
952 |0 0  |1 0  |4 0  |6 862_000000000000000_BEN_1942  |7 0  |8 A  |9 258793  |a BIBEDU  |b BIBEDU  |d 2019-11-19  |i 3173933  |o 862 BEN 1942  |p 3173933  |r 2019-11-19  |w 2019-11-19  |y BK  |k LIT 
952 |0 0  |1 0  |4 0  |6 862_000000000000000_BEN_1942  |7 0  |8 A  |9 258794  |a BIBEDU  |b BIBEDU  |d 2019-11-19  |i 1337521  |o 862 BEN 1942  |p 1337521  |r 2019-11-19  |w 2019-11-19  |y BK  |k LIT